Statistics for Countries and Territories with foreign military bases

Click here to take the quiz!

General Stats

  • This quiz has been taken 27 times
  • The average score is 64 of 83

Answer Stats

Military Power:Host Nation:% Correct
Russia, United StatesNiger
100%
United StatesEstonia
95%
United StatesIceland
95%
France, Iran, Turkey, United StatesIraq
95%
RussiaKazakhstan
95%
United StatesLithuania
95%
RussiaUkraine
95%
United StatesUnited Kingdom
95%
United StatesAustralia
89%
United StatesBelgium
89%
United StatesCameroon
89%
FranceChad
89%
China, France, Italy, Japan, Saudi Arabia, United Kingdom, United StatesDjibouti
89%
GermanyFrance
89%
France, United Kingdom, United StatesGermany
89%
United StatesItaly
89%
United StatesJapan
89%
IranLebanon
89%
RussiaMali
89%
United StatesPoland
89%
United StatesSouth Korea
89%
United StatesSpain
89%
SingaporeTaiwan
89%
RussiaAbkhazia
84%
RussiaBelarus
84%
China, United StatesCuba
84%
Greece, United KingdomCyprus
84%
United StatesGreece
84%
United StatesIsrael
84%
France, United StatesJordan
84%
China, United StatesKuwait
84%
United StatesNetherlands
84%
TurkeyNorthern Cyprus
84%
United Kingdom, United StatesNorway
84%
United StatesPhilippines
84%
United StatesPortugal
84%
Pakistan, United Kingdom, United StatesSaudi Arabia
84%
United Kingdom, United StatesSingapore
84%
RussiaSouth Ossetia
84%
Iran, Russia, Turkey, United StatesSyria
84%
United StatesTurkey
84%
Australia, France, United Kingdom, United StatesUnited Arab Emirates
84%
Saudi Arabia, United StatesBahrain
79%
Turkey, United StatesBosnia and Herzegovina
79%
FranceGabon
79%
AustraliaMalaysia
79%
United KingdomNepal
79%
United KingdomNigeria
79%
India, United Kingdom, United StatesOman
79%
United KingdomQatar
79%
China, India, Iran, RussiaTajikistan
79%
SingaporeThailand
79%
Turkey, United StatesAlbania
74%
RussiaArmenia
74%
TurkeyAzerbaijan
74%
United StatesBahamas
74%
Singapore, United KingdomBrunei
74%
FranceIvory Coast
74%
Turkey, United StatesKosovo
74%
RussiaKyrgyzstan
74%
IndiaMauritius
74%
FranceSenegal
74%
TurkeySomalia
74%
RussiaTransnistria
74%
Saudi Arabia, United Arab EmiratesYemen
74%
RussiaBurkina Faso
68%
RussiaCentral African Republic
68%
United Kingdom, United StatesKenya
68%
Turkey, United Arab EmiratesLibya
68%
FranceMauritania
68%
United StatesRomania
68%
IndiaBhutan
63%
United StatesBulgaria
63%
IndiaMadagascar
63%
ChinaMyanmar
63%
United KingdomSierra Leone
63%
United StatesHonduras
58%
United KingdomBelize
53%
India, United StatesSeychelles
53%
United StatesGreenland
32%
United StatesBritish Indian Ocean Territory
21%
United StatesCuracao
21%
United StatesAscension Island
11%

Score Distribution

Percentile by Number Answered

Percent of People with Each Score

Your Score History

You have not taken this quiz